Cuentos ticos: tuanis y furris (Registro nro. 9305)
[ vista simple ]
| 000 -Cabecera | |
|---|---|
| Campo de control de longitud fija | 01013nam a22002777a 4500 |
| 005 - Fecha y hora de la última transacción | |
| Campo de control | 20251117155426.0 |
| 008 - Elementos de longitud fija--Información general | |
| Campo de control de longitud fija | 170419b2015 xxu||||| |||| 00| 0 spa d |
| 020 ## - International Standard Book Number | |
| Número Internacional Estándar del Libro (ISBN) | 9789968479202 |
| 041 ## - Idioma | |
| Código de idioma | Español |
| 082 ## - Clasificación Decimal Dewey | |
| Número de clasificación | CR 863.4 V714c |
| 100 ## - Entrada principal--Autor personal | |
| Nombre personal | Villalobos Jiménez, Rodrigo |
| 9 (RLIN) | 42272 |
| 245 ## - Título propiamente dicho | |
| Título | Cuentos ticos: tuanis y furris |
| 260 ## - Pie de imprenta | |
| Lugar de publicación, distribución, etc. | Costa Rica |
| 260 ## - Pie de imprenta | |
| Nombre del editor, distribuidor, etc. | R. Villalobos J. |
| 260 ## - Pie de imprenta | |
| Fecha de publicación, distribución, etc. | 2015 |
| 300 ## - Descripción física | |
| Extensión | 116 páginas |
| 300 ## - Descripción física | |
| Otras características físicas | Ilustraciones a blanco y negro |
| 490 ## - Serie | |
| Título de la Serie | Temática General |
| 505 ## - Nota de contenido | |
| Nota de contenido | Contenido: El precario; El circo; Puro; El taxista; Prioridades; Migrante; La olla arrocera; En camión a Guadalupe; Medicina en la casa; Agua y aceite; Un costarricense en Estados Unidos / Un tico en la Yunai; La herencia; El espejito; Accidente en la pista; Felo el cantinero. |
| 650 ## - Materia general | |
| Temática (materia general) | CUENTOS COSTARRICENSES |
| 650 ## - Materia general | |
| Temática (materia general) | LITERATURA COSTARRICENSE |
| 650 ## - Materia general | |
| Temática (materia general) | COSTARRIQUEÑISMOS |
| 650 ## - Materia general | |
| Temática (materia general) | HISTORIAS CÓMICAS |
| 650 ## - Materia general | |
| Temática (materia general) | HISTORIAS AGRADABLES |
| 942 ## - Punto de acceso adicional KOHA | |
| Tipo de ítem KOHA | Literatura |
| Fuente del sistema de clasificación o colocación | Dewey Decimal Classification |
| Signatura completa | Código de barras | Programa Académico | Tipo de ítem |
|---|---|---|---|
| CR 863.4 V714c | 22028 | Temática General | Literatura |